000 00833nam a2200253Ia 4500
003 OSt
005 20221005043115.0
006 a|||||r|||| 00| 0
007 ta
008 221004b |||||||| |||| 00| 0 eng d
020 _a9781409404149 (hbk)
_c4028.75
024 _a103630
037 _b1582, 31/08/2010, Channel Publications
_cTextual
040 _aCRL
_cCRL
_beng
041 _2eng
_aeng
082 _aV6:594.P1, Q0(906)
100 _aHoungnikpo Mathurin C.
_9147806
245 0 _aGuarding the guardians
_b Civil-military relations and democratic governance in Africa
260 _aEngland
_bAshgate
_c2010
300 _aviii,218p
_ccm.
650 _aHISTORY
942 _hV6:594.P1, Q0(906)
_cTEXL
_2cc
999 _c951308
_d951308